000 00452nam a2200157Ia 4500
008 240729s9999 xx 000 0 und d
022 _a1998-605X
245 0 _aEnvironmental Economics
260 _aUkraine
260 _bLLC "CPC "Business Perspectives"
650 _a Environmental sciences
650 _aGeography. Anthropology. Recreation
856 _uhttps://doaj.org/toc/edb63c7735884711b0f9b9479c4f7e70
942 _2ddc
942 _cDOAJEJ
999 _c68224
_d68224
945 _a1
_bMadushi Gamage
_c1
_dMadushi Gamage